धरती काँपती क्यों है ? / (Record no. 56223)
[ view plain ]
| 000 -LEADER | |
|---|---|
| fixed length control field | 00926nam a22002057a 4500 |
| 005 - DATE AND TIME OF LATEST TRANSACTION | |
| control field | 20110902145252.0 |
| 010 ## - LCCN (DPL NO) | |
| LC control number | G-001157 |
| 020 ## - INTERNATIONAL STANDARD BOOK NUMBER | |
| International Standard Book Number | |
| Terms of availability | 40.00 |
| 035 ## - SYSTEM CONTROL NUMBER | |
| System control number | G-001157 |
| 037 ## - SOURCE OF ACQUISITION | |
| Source of stock number/acquisition | उपहार |
| 082 ## - DEWEY DECIMAL CLASSIFICATION NUMBER | |
| Classification number | 551 |
| 100 ## - MAIN ENTRY--PERSONAL NAME | |
| Personal name | आर्य, जगतराम |
| 245 ## - TITLE STATEMENT | |
| Title | धरती काँपती क्यों है ? / |
| Statement of responsibility, etc | जगतराम आर्य |
| 260 ## - PUBLICATION, DISTRIBUTION, ETC. (IMPRINT) | |
| Place of publication, distribution, etc | नई दिल्ली |
| Name of publisher, distributor, etc | जगतराम एण्ड संस |
| Date of publication, distribution, etc | 2002 |
| 270 ## - ADDRESS | |
| Address | 24/4855, अंसारी रोड़, दरियागंज |
| City | नई दिल्ली |
| Postal code | 110002 |
| Telephone number | |
| 300 ## - PHYSICAL DESCRIPTION | |
| Extent | 86पृ. |
| Other physical details | सचित्र |
| Dimensions | 22 सेमी (सजिल्द) |
| 942 ## - ADDED ENTRY ELEMENTS (KOHA) | |
| Source of classification or shelving scheme | Dewey Decimal Classification |
| Item type | Children Books |
| Classification part | 551 |
| Call number suffix | आर्यज |
| Withdrawn status | Lost status | Not for loan | Collection code | Home library | Current library | Date acquired | Source of acquisition | Cost, normal purchase price | Full call number | Barcode | Copy number | Cost, replacement price | Koha item type |
|---|---|---|---|---|---|---|---|---|---|---|---|---|---|
| Non-fiction | Katevara | Katevara | 02/09/2011 | उपहार | 40.00 | 551 आर्यज | G-001157 | 1 | 40.00 | Children Books |
